000 002830000a22001090004500
100 1 _aBelew, M. Wendell
245 1 0 _aAmerican Missiology: Context and Challenge
300 _aVol.9, núm.1 (January, 1981), Páginas 15-22
650 1 4 _aMISIONES
773 0 _tMissiology:
942 _cANA
999 _c62922
_d62922